000 00924nam a22002177a 4500
003 JO-AjAnu
005 20241019094304.0
008 241019b jo ||||| |||| 00| 0 ara d
020 _a9789923405321
040 _aJO-AjAnu
_bara
_cJO-AjAnu
_dJO-AjAnu
_erda
041 _aara
_hara
050 _aND160
_b2025
100 1 _aالاحمري، جابر
_eمؤلف
_966291
245 0 _aالافتنان في الشعر والرسم والنحت والموسيقى والغناء : ابحاث علمية ونصوص ابداعية مترجمة /
_cتأليف جابر الاحمري
250 _aالطبعة الاولى
260 _aعمان :
_bخطوط وظلال للنشر والتوزيع،
_c2025
300 _a257 صفحة
504 _aيحتوي على مراجع، يحتوي على صور
650 7 0 _aالفنون-الرسم-الشعر-النحت-الموسيقى والغناء
_966293
942 _2lcc
_cBK
_n0
999 _c33746
_d33746